| 000 | 00613nam a2200193 a 4500 | ||
|---|---|---|---|
| 005 | 20230221063555.0 | ||
| 008 | 021108s1992 mx r 000 0 spa d | ||
| 020 | _a8433105078 | ||
| 035 | _aUPN01000120918 | ||
| 049 | _aCG | ||
| 050 | 4 |
_aLB2806.15 _bB4.3 |
|
| 100 | 1 |
_aBeltrán de Tena, Rosario _941829 |
|
| 245 | 1 | 0 |
_aCómo diseñar la evaluación en el proyecto de centro : _bdiseño curricular base / _cRosario Beltrán de Tena. |
| 260 |
_aMadrid : _bEscuela Española, _c[1992]. |
||
| 300 | _a92 p. | ||
| 650 | 2 |
_aPlanificación curricular _95734 |
|
| 650 | 4 |
_aInnovaciones educativas _9386 |
|
| 905 | _aLibro | ||
| 999 |
_c93236 _d93236 |
||